• Pio XII

di Personal Name

Records bibliografici associati: 5

001 - CONTROL NUMBER

  • control field: 1074

003 - CONTROL NUMBER IDENTIFIER

  • control field: IT-RoPau

005 - DATE AND TIME OF LATEST TRANSACTION

  • control field: 20131106222854.0

008 - FIXED-LENGTH DATA ELEMENTS

  • fixed length control field: 131106|| aca||aabn | a|a d

040 ## - CATALOGING SOURCE

  • Original cataloging agency: IT-RoPau
  • Transcribing agency: IT-RoPau

100 ## - HEADING--PERSONAL NAME

  • Personal name: Pio XII

670 ## - SOURCE DATA FOUND

  • Source citation: Work cat.: (IT-RoPau)100859: Pio XII, Discorsi di S.S. Pio XII (Lp Ml 20301)
CREDITS: SOCIETA' SAN PAOLO Via A.Severo, 58 - ROMA (RM) & PERIODICI SAN PAOLO SRL Via Giotto, 36 MILANO & CISF Via Giotto, 36 MILANO & EDIZIONI SAN PAOLO SRL,  Piazza Soncino, 5 CINISELLO BALSAMO (MI) -- ITALY